[Event "June TNT"]
[Site "Winnipeg CAN"]
[Date "2003.06.17"]
[Round "3"]
[White "Pottinger, Carl"]
[Black "Cleto, Sam"]
[Result "0-1"]
[WhiteElo "1599"]
[BlackElo "1860"]
[PlyCount "89"]
[EventDate "2003.06.03"]
[EventType "swiss"]
[EventRounds "4"]
[EventCountry "CAN"]

1. d4 c5 2. d5 e6 3. dxe6 dxe6 4. Qxd8+ Kxd8 5. Nc3 Bd6 6. Nf3 Bd7 7. Be3 Nf6
8. Bg5 Kc7 9. Bxf6 gxf6 10. e3 a6 11. O-O-O Nc6 12. Be2 Rhg8 13. g3 Rad8 14.
Rd2 Be7 15. Rhd1 Bc8 16. Ne1 Rxd2 17. Rxd2 b5 18. f4 f5 19. Nf3 f6 20. e4 b4
21. Nd1 fxe4 22. Ng1 f5 23. Ne3 Na5 24. Nc4 Nxc4 25. Bxc4 Rd8 26. Rxd8 Bxd8 27.
Kd2 a5 28. Ke3 Bf6 29. Nh3 h6 30. b3 Kd6 31. Nf2 Bb7 32. Kd2 Bd4 33. Nd1 Bc6
34. Ne3 Bxe3+ 35. Kxe3 a4 36. Be2 a3 37. Bc4 Be8 38. Be2 Bf7 39. Bd1 e5 40. Be2
exf4+ 41. gxf4 c4 42. Bd1 Kc5 43. h4 Bd5 44. Kd2 Kd4 45. Kc1 0-1

[Event "June TNT"]
[Site "Winnipeg CAN"]
[Date "2003.06.17"]
[Round "3"]
[White "Proulx, Roy"]
[Black "Van Wyk, Joseph"]
[Result "0-1"]
[WhiteElo "1699"]
[BlackElo "1909"]
[PlyCount "72"]
[EventDate "2003.06.03"]
[EventType "swiss"]
[EventRounds "4"]
[EventCountry "CAN"]

1. e4 e5 2. Nf3 Nc6 3. Bc4 Nf6 4. Ng5 d5 5. exd5 b5 6. Bxb5 Qxd5 7. Bxc6+ Qxc6
8. O-O Bb7 9. Qf3 e4 10. Qb3 O-O-O 11. Nxf7 e3 12. f3 e2 13. Re1 Ng4 14. Nxd8
Qc5+ 15. d4 Qxd4+ 16. Be3 Nxe3 17. Qxb7+ Kxd8 18. Qb8+ Kd7 19. Qb5+ c6 20. Qd3
Qxd3 21. cxd3 Nc2 22. Nc3 Bc5+ 23. Kh1 Nxa1 24. Rxa1 Rb8 25. Nxe2 Rxb2 26. Nc3
Bd4 27. Ne4 Rc2 28. Rd1 Rxa2 29. g4 a5 30. Rd2 Ra1+ 31. Kg2 a4 32. Rc2 a3 33.
Kh3 Rd1 34. Nd2 Bb2 35. Nb3 Kd6 36. d4 Rd3 0-1

[Event "June TNT"]
[Site "Winnipeg CAN"]
[Date "2003.06.17"]
[Round "3"]
[White "Taylor, Evan"]
[Black "Shome, Devarshi"]
[Result "0-1"]
[WhiteElo "1485"]
[BlackElo "1566"]
[PlyCount "36"]
[EventDate "2003.06.03"]
[EventType "swiss"]
[EventRounds "4"]
[EventCountry "CAN"]

1. d4 Nf6 2. c4 g6 3. Nc3 Bg7 4. e4 d6 5. f3 O-O 6. Be3 Nbd7 7. Bd3 c5 8. d5
Qa5 9. Nge2 Ne5 10. f4 Nxd3+ 11. Qxd3 Qa6 12. O-O-O Ng4 13. Rdf1 Nxe3 14. Qxe3
Bg4 15. Kc2 b5 16. e5 b4 17. Nd1 Qxa2 18. h3 Qxc4+ 0-1

[Event "June TNT"]
[Site "Winnipeg CAN"]
[Date "2003.06.17"]
[Round "3"]
[White "Taylor, Jasper"]
[Black "Gibson, Fred"]
[Result "1-0"]
[WhiteElo "1416"]
[BlackElo "1169"]
[PlyCount "35"]
[EventDate "2003.06.03"]
[EventType "swiss"]
[EventRounds "4"]
[EventCountry "CAN"]

1. d4 d5 2. Nf3 c5 3. c3 e6 4. Bf4 Nc6 5. e3 a6 6. dxc5 Bxc5 7. c4 Nf6 8. Nc3
Bb4 9. Rc1 O-O 10. a3 Bxc3+ 11. Rxc3 Ne4 12. Rc1 Ne7 13. cxd5 Nxd5 14. Bg3 b5
15. Bd3 Qa5+ 16. Nd2 Nxg3 17. hxg3 Bb7 18. Bxh7+ 1-0

[Event "June TNT"]
[Site "Winnipeg CAN"]
[Date "2003.06.17"]
[Round "3"]
[White "Zaczek, Jonathan"]
[Black "Essery, Richard"]
[Result "1-0"]
[WhiteElo "1638"]
[BlackElo "1770"]
[PlyCount "79"]
[EventDate "2003.06.03"]
[EventType "swiss"]
[EventRounds "4"]
[EventCountry "CAN"]

1. e4 c5 2. Nf3 d6 3. d4 cxd4 4. Nxd4 g6 5. Nc3 Bg7 6. Be3 Bd7 7. Qd2 Nc6 8.
Bc4 Rc8 9. O-O-O Nxd4 10. Bxd4 e5 11. Nb5 Qe7 12. Bxa7 Bh6 13. Be3 Bxe3 14.
fxe3 Bxb5 15. Bxb5+ Kf8 16. Qxd6 Nf6 17. Rhf1 Qxd6 18. Rxd6 Nxe4 19. Rd7 f5 20.
g4 Nc5 21. Rd5 b6 22. gxf5 gxf5 23. Rxf5+ Kg7 24. Rdxe5 Rhd8 25. Rd5 Kg6 26.
Rxd8 Rxd8 27. Rf1 Kg5 28. Rf4 h5 29. h4+ Kg6 30. Rd4 Rf8 31. Bd3+ Kg7 32. Rd5
Rc8 33. Kd2 Rf8 34. Rxh5 Rf2+ 35. Kc3 Na4+ 36. Kb3 Nc5+ 37. Kc4 Na4 38. b3 Nb2+
39. Kd4 Nxd3 40. Kxd3 1-0

[Event "June TNT"]
[Site "Winnipeg CAN"]
[Date "2003.06.24"]
[Round "4"]
[White "Cleto, Sam"]
[Black "Zaczek, Jonathan"]
[Result "1-0"]
[WhiteElo "1860"]
[BlackElo "1638"]
[PlyCount "57"]
[EventDate "2003.06.03"]
[EventType "swiss"]
[EventRounds "4"]
[EventCountry "CAN"]

1. Nf3 Nf6 2. e4 e5 3. Nxe5 d6 4. Nf3 Nxe4 5. d4 Be7 6. Bd3 d5 7. O-O O-O 8. c4
Nc6 9. Nc3 Nxc3 10. bxc3 g6 11. Rb1 dxc4 12. Bxc4 b6 13. Bf4 Bb7 14. Re1 Re8
15. Qc2 Na5 16. Be2 c5 17. Bb5 Bc6 18. Ba6 Bxf3 19. gxf3 cxd4 20. cxd4 Qxd4 21.
Re4 Qc5 22. Qe2 Nc6 23. Bb7 Nd4 24. Qe3 Rad8 25. Rc1 Nf5 26. Qe1 Qa3 27. Bg5
Nd4 28. Rxe7 Nxf3+ 29. Bxf3 1-0

[Event "June TNT"]
[Site "Winnipeg CAN"]
[Date "2003.06.24"]
[Round "4"]
[White "Essery, Richard"]
[Black "Pottinger, Carl"]
[Result "1-0"]
[WhiteElo "1770"]
[BlackElo "1599"]
[PlyCount "63"]
[EventDate "2003.06.03"]
[EventType "swiss"]
[EventRounds "4"]
[EventCountry "CAN"]

1. Nf3 Nf6 2. b3 g6 3. Bb2 Bg7 4. e3 O-O 5. c4 d6 6. d4 c5 7. Be2 Bd7 8. O-O
Ne8 9. Nc3 Nc6 10. Qd2 a6 11. Rfd1 cxd4 12. exd4 Bg4 13. Qf4 Bxf3 14. Bxf3 Qc7
15. Nd5 Qd8 16. Rd2 e5 17. dxe5 dxe5 18. Qe3 Nd4 19. Bg4 f5 20. Bh3 f4 21. Qe1
Nc2 22. Rxc2 Nc7 23. Nxc7 Qxc7 24. Qe4 Rfe8 25. Rd2 Rad8 26. Rad1 Rxd2 27. Rxd2
Rd8 28. Rxd8+ Qxd8 29. Qd5+ Qxd5 30. cxd5 Kf8 31. d6 Ke8 32. Bc8 1-0

[Event "June TNT"]
[Site "Winnipeg CAN"]
[Date "2003.06.24"]
[Round "4"]
[White "Gibson, Fred"]
[Black "Taylor, Evan"]
[Result "1-0"]
[WhiteElo "1169"]
[BlackElo "1485"]
[PlyCount "55"]
[EventDate "2003.06.03"]
[EventType "swiss"]
[EventRounds "4"]
[EventCountry "CAN"]

1. d4 Nf6 2. c4 e6 3. Nc3 d5 4. Bg5 Be7 5. Nf3 h6 6. Bf4 O-O 7. e3 b6 8. Bd3
dxc4 9. Bxc4 Bb7 10. Bd3 Nh5 11. Ne2 Bb4+ 12. Nd2 Bxg2 13. Rg1 Bf3 14. Bxh6 Kh8
15. Bf4 Nxf4 16. exf4 Nc6 17. Kf1 Bh5 18. a3 Be7 19. Ne4 Bh4 20. N4g3 Bf3 21.
Qd2 Bxe2+ 22. Qxe2 f5 23. Qh5+ Kg8 24. Ke2 Nxd4+ 25. Ke3 Be7 26. Ne4 Nb3 27.
Rxg7+ Kxg7 28. Rg1+ 1-0

[Event "June TNT"]
[Site "Winnipeg CAN"]
[Date "2003.06.24"]
[Round "4"]
[White "Greenberg, Harley"]
[Black "Shome, Devarshi"]
[Result "0-1"]
[WhiteElo "1866"]
[BlackElo "1566"]
[PlyCount "48"]
[EventDate "2003.06.03"]
[EventType "swiss"]
[EventRounds "4"]
[EventCountry "CAN"]

1. d4 Nf6 2. c4 g6 3. Nc3 Bg7 4. e4 d6 5. Nf3 O-O 6. Be2 e5 7. O-O Nc6 8. d5
Ne7 9. b4 Nd7 10. a4 a5 11. Ba3 axb4 12. Bxb4 f5 13. Ng5 Nf6 14. Ne6 Bxe6 15.
dxe6 Qc8 16. Nd5 Nc6 17. exf5 gxf5 18. Rb1 Re8 19. c5 Nxb4 20. cxd6 Nbxd5 21.
d7 Nxd7 22. Qxd5 Nb6 23. Qc5 Nxa4 24. Qb5 Nc3 0-1

[Event "June TNT"]
[Site "Winnipeg CAN"]
[Date "2003.06.24"]
[Round "4"]
[White "Jarmasz, Mark"]
[Black "Lipnowski, Samuel"]
[Result "1/2-1/2"]
[WhiteElo "1712"]
[BlackElo "2136"]
[PlyCount "136"]
[EventDate "2003.06.03"]
[EventType "swiss"]
[EventRounds "4"]
[EventCountry "CAN"]

1. e4 c5 2. Nf3 d6 3. d4 cxd4 4. Nxd4 Nf6 5. Nc3 g6 6. Be3 Bg7 7. f3 O-O 8. Qd2
Nc6 9. O-O-O d5 10. exd5 Nxd5 11. Nxd5 Qxd5 12. Nxc6 Qxc6 13. Qb4 Qe6 14. Qb3
Qe5 15. Rd5 Qf6 16. Bg5 Qc6 17. Bb5 Qc7 18. Qb4 f6 19. Bf4 e5 20. Rc5 Qe7 21.
Be3 Be6 22. Bc4 b6 23. Bxe6+ Qxe6 24. Qc4 Qxc4 25. Rxc4 Rac8 26. Rxc8 Rxc8 27.
Rd1 Rc7 28. c3 Kf7 29. Rd8 f5 30. Kc2 Bf6 31. Ra8 Ke6 32. a4 Be7 33. a5 Bc5 34.
Bxc5 bxc5 35. c4 Kf6 36. Re8 h5 37. h4 Rc6 38. Kc3 Re6 39. Rc8 e4 40. fxe4 fxe4
41. Kd2 e3+ 42. Ke2 Kf5 43. Rxc5+ Kg4 44. Rd5 Kxh4 45. c5 g5 46. Rd3 Rc6 47.
Rd5 Re6 48. Rd3 Re4 49. Rc3 Re7 50. Rxe3 Rb7 51. b3 g4 52. c6 Rc7 53. Rc3 Kg5
54. b4 a6 55. b5 axb5 56. a6 b4 57. Rc5+ Kf4 58. a7 Rxa7 59. c7 Ra2+ 60. Kd3
Ra8 61. c8=Q Rxc8 62. Rxc8 Kg3 63. Rc2 h4 64. Ke3 h3 65. gxh3 b3 66. Rc8 b2 67.
Rb8 gxh3 68. Rg8+ Kh2 1/2-1/2

[Event "June TNT"]
[Site "Winnipeg CAN"]
[Date "2003.06.24"]
[Round "4"]
[White "Khedkar, Jay"]
[Black "Van Wyk, Joseph"]
[Result "0-1"]
[WhiteElo "1963"]
[BlackElo "1909"]
[PlyCount "52"]
[EventDate "2003.06.03"]
[EventType "swiss"]
[EventRounds "4"]
[EventCountry "CAN"]

1. e4 c6 2. d4 d5 3. Nc3 dxe4 4. Nxe4 Nd7 5. Bc4 Ngf6 6. Ng5 e6 7. Ne2 Bd6 8.
O-O O-O 9. Ng3 Nb6 10. Bb3 Qc7 11. c4 c5 12. Be3 Nbd7 13. Rc1 b6 14. Bc2 Bb7
15. Qe2 Rad8 16. Rfd1 Rfe8 17. Kh1 Qc6 18. d5 exd5 19. cxd5 Qc7 20. Nf5 Bxh2
21. g3 Bxg3 22. Nxg3 Nxd5 23. Bxh7+ Kf8 24. Kh2 N7f6 25. Bc2 Nxe3 26. fxe3 Rd5
0-1

[Event "June TNT"]
[Site "Winnipeg CAN"]
[Date "2003.06.24"]
[Round "4"]
[White "Nair, Krishnan"]
[Black "Taylor, Jasper"]
[Result "0-1"]
[WhiteElo "1188"]
[BlackElo "1416"]
[PlyCount "74"]
[EventDate "2003.06.03"]
[EventType "swiss"]
[EventRounds "4"]
[EventCountry "CAN"]

1. e4 c6 2. d4 d5 3. exd5 cxd5 4. Nf3 Bf5 5. Bb5+ Nd7 6. Ne5 Ngf6 7. O-O a6 8.
Bxd7+ Nxd7 9. Nxd7 Qxd7 10. b3 e6 11. Ba3 Bxa3 12. Nxa3 O-O 13. Rc1 Rac8 14. c4
dxc4 15. bxc4 Rfd8 16. Qf3 b5 17. c5 Qxd4 18. Rfd1 Qb4 19. c6 Bg4 20. Rxd8+
Rxd8 21. c7 Rc8 22. Qb7 Qf8 23. Rc6 e5 24. Rxa6 Qc5 25. h3 Bd7 26. Ra8 Qf8 27.
Nxb5 Rxa8 28. Nd6 Qxd6 29. Qxa8+ Qf8 30. Qd5 Qe8 31. a4 Qc8 32. a5 Qxc7 33. a6
Bc6 34. Qd3 h6 35. Qc3 Qd6 36. a7 Qd5 37. Qb4 Qxg2# 0-1

[Event "June TNT"]
[Site "Winnipeg CAN"]
[Date "2003.06.24"]
[Round "4"]
[White "Schulz, Waldemar"]
[Black "Babb, Jeff"]
[Result "1/2-1/2"]
[WhiteElo "2036"]
[BlackElo "2170"]
[PlyCount "149"]
[EventDate "2003.06.03"]
[EventType "swiss"]
[EventRounds "4"]
[EventCountry "CAN"]

1. Nf3 f5 2. d4 Nf6 3. g3 g6 4. Bg2 Bg7 5. O-O O-O 6. c4 d6 7. Nc3 Qe8 8. Bg5
e5 9. dxe5 dxe5 10. Qd2 Nc6 11. Rad1 Be6 12. Bxf6 Rxf6 13. Nd5 Bxd5 14. Qxd5+
Kh8 15. Qd7 e4 16. Ng5 h6 17. Nh3 Rf7 18. Qxe8+ Rxe8 19. Nf4 Kh7 20. b3 Nb4 21.
a4 Nc6 22. Rd5 b6 23. Rb1 g5 24. Nh5 Bh8 25. e3 Nb4 26. Rd2 Bc3 27. Re2 Kg6 28.
g4 fxg4 29. Ng3 Rfe7 30. Rd1 h5 31. Rc1 Bg7 32. c5 Nd3 33. Rc4 Nxc5 34. b4 h4
35. bxc5 hxg3 36. hxg3 Kf5 37. Rd2 Re5 38. Rd7 R8e7 39. c6 Bf6 40. Rdd4 a6 41.
Kf1 b5 42. Rb4 R7e6 43. axb5 axb5 44. Kg1 Be7 45. Bxe4+ Rxe4 46. Rxb5+ Kf6 47.
Rbd5 Rxd4 48. Rxd4 Rxc6 49. Rxg4 Kf5 50. Rd4 Bf6 51. g4+ Ke6 52. Ra4 Kd5 53. f4
Rc4 54. Ra5+ c5 55. Ra6 gxf4 56. Rxf6 fxe3 57. Rf5+ Ke4 58. Kf1 Kd3 59. Rd5+
Ke4 60. Rf5 Rc2 61. Rf8 c4 62. g5 Rc1+ 63. Ke2 Rg1 64. Re8+ Kd4 65. Rd8+ Kc3
66. Rd5 Kc2 67. Kxe3 c3 68. Rc5 Rg3+ 69. Kf4 Rg1 70. Kf5 Kd3 71. Kf6 c2 72. g6
c1=Q 73. Rxc1 Rxc1 74. g7 Rf1+ 75. Ke7 1/2-1/2

[Event "Kent Oliver mem"]
[Site "Winnipeg CAN"]
[Date "2003.01.??"]
[Round "1.1"]
[White "Nikouline, Alexandre"]
[Black "Tetrault, Charles"]
[Result "1-0"]
[WhiteElo "2050"]
[BlackElo "1585"]
[PlyCount "43"]
[EventDate "2003.01.18"]
[EventType "swiss"]
[EventRounds "5"]
[EventCountry "CAN"]
[Source "ChessBase"]
[SourceDate "2003.11.25"]

1. e4 c5 2. Nf3 d6 3. d4 cxd4 4. Nxd4 Nf6 5. Nc3 Nc6 6. Be3 e6 7. Bd3 d5 8.
exd5 Nxd5 9. Nxc6 bxc6 10. O-O Nxc3 11. bxc3 Be7 12. Qf3 Bd7 13. Qg4 O-O 14.
Bh6 Bf6 15. Qe4 g6 16. Bxf8 Qxf8 17. Rab1 Rb8 18. Qf3 Bxc3 19. Bxg6 hxg6 20.
Qxc3 Rd8 21. Qf6 e5 22. Rb4 1-0

[Event "Kent Oliver mem"]
[Site "Winnipeg CAN"]
[Date "2003.01.??"]
[Round "1.2"]
[White "Shome, Devarshi"]
[Black "Kaptsan, Aron"]
[Result "1/2-1/2"]
[WhiteElo "1565"]
[BlackElo "2049"]
[PlyCount "52"]
[EventDate "2003.01.18"]
[EventType "swiss"]
[EventRounds "5"]
[EventCountry "CAN"]
[Source "ChessBase"]
[SourceDate "2003.11.25"]

1. e4 e5 2. f4 d5 3. exd5 c6 4. d4 exf4 5. Nf3 cxd5 6. Bd3 Bd6 7. O-O Ne7 8.
Nc3 Nbc6 9. Ne2 Qc7 10. Qd2 Bg4 11. c3 O-O 12. Nxf4 Nd8 13. h3 Bxf3 14. Rxf3
Ne6 15. Nxe6 fxe6 16. Qe2 e5 17. dxe5 Bxe5 18. Bg5 Nc6 19. Raf1 Qd6 20. Rxf8+
Rxf8 21. Rxf8+ Qxf8 22. c4 Bd4+ 23. Kh2 Qd6+ 24. Kh1 Qe5 25. cxd5 Nb4 26. Qxe5
Bxe5 1/2-1/2

[Event "Kent Oliver mem"]
[Site "Winnipeg CAN"]
[Date "2003.01.??"]
[Round "1.3"]
[White "Lauritson, Jim"]
[Black "Gannon, Keith"]
[Result "1-0"]
[WhiteElo "1924"]
[BlackElo "1561"]
[PlyCount "77"]
[EventDate "2003.01.18"]
[EventType "swiss"]
[EventRounds "5"]
[EventCountry "CAN"]
[Source "ChessBase"]
[SourceDate "2003.11.25"]

1. e4 d6 2. d4 Nf6 3. Nc3 Nc6 4. Nf3 e6 5. Be2 Be7 6. O-O O-O 7. Ne1 Ne8 8. f4
f5 9. d5 Nb8 10. Nf3 fxe4 11. Nxe4 c6 12. c4 Qb6+ 13. Kh1 exd5 14. cxd5 Bg4 15.
Bc4 Kh8 16. Qd3 Bxf3 17. Rxf3 Nd7 18. Rh3 h6 19. Ng5 Bxg5 20. fxg5 Qf2 21. Be3
Qf5 22. Qd2 Qe4 23. Bd3 Qxd5 24. gxh6 Rf6 25. hxg7+ Kxg7 26. Rh7+ Kg8 27. Rxd7
Rf7 28. Rxf7 Kxf7 29. Rf1+ Ke7 30. Bg5+ Kd7 31. Qe2 Qe5 32. Rf7+ Kc8 33. Qg4+
Kb8 34. Re7 Qxb2 35. Rxe8+ Kc7 36. Re7+ Kb6 37. Be3+ c5 38. Qd7 Qa1+ 39. Bg1
1-0

[Event "Kent Oliver mem"]
[Site "Winnipeg CAN"]
[Date "2003.01.??"]
[Round "1.4"]
[White "Pottinger, Carl"]
[Black "Tang, Edward"]
[Result "1/2-1/2"]
[WhiteElo "1545"]
[BlackElo "1903"]
[PlyCount "83"]
[EventDate "2003.01.18"]
[EventType "swiss"]
[EventRounds "5"]
[EventCountry "CAN"]

1. d4 Nf6 2. c4 g6 3. Nc3 Bg7 4. e4 d6 5. Bd3 e5 6. d5 a5 7. Nge2 O-O 8. f3 Nh5
9. g4 Qh4+ 10. Kd2 Nf4 11. Nxf4 exf4 12. Kc2 Be5 13. Bd2 Na6 14. a3 Bd7 15. Qe1
Qf6 16. h4 a4 17. g5 Qg7 18. Kb1 Nc5 19. Bc2 Rab8 20. Ka2 b5 21. cxb5 Bxb5 22.
Rb1 Bc4+ 23. Ka1 Nb3+ 24. Bxb3 axb3 25. Qc1 Bd3 26. Rh2 Rb6 27. Be1 Bxb1 28.
Nxb1 Ra6 29. Bc3 Ra7 30. Bxe5 Qxe5 31. Qc3 f6 32. gxf6 Rb8 33. Qd2 Qxf6 34. Nc3
Rf8 35. Kb1 Rf7 36. Nb5 Rb7 37. Nd4 Rf8 38. Qd1 h6 39. Ne6 Re8 40. Qc1 Rxe6 41.
dxe6 c5 42. Qc4 1/2-1/2

[Event "Kent Oliver mem"]
[Site "Winnipeg CAN"]
[Date "2003.01.??"]
[Round "1.5"]
[White "Khedkar, Jay"]
[Black "Tetrault, Claude"]
[Result "1-0"]
[WhiteElo "1898"]
[BlackElo "1539"]
[PlyCount "123"]
[EventDate "2003.01.18"]
[EventType "swiss"]
[EventRounds "5"]
[EventCountry "CAN"]
[Source "ChessBase"]
[SourceDate "2003.11.25"]

1. e4 c5 2. Nf3 d6 3. d4 cxd4 4. Nxd4 Nc6 5. c4 Nf6 6. Nc3 g6 7. Be2 Bg7 8. Be3
O-O 9. O-O a6 10. Qd2 Ng4 11. Bxg4 Bxg4 12. f3 Bd7 13. Rfd1 Rc8 14. b3 Re8 15.
Rac1 Qa5 16. Qf2 Nxd4 17. Bxd4 Bxd4 18. Qxd4 Qc5 19. Nd5 Qxd4+ 20. Rxd4 Rc6 21.
Rcd1 Kf8 22. Kf2 Rec8 23. Nb4 R6c7 24. e5 a5 25. exd6 exd6 26. Nd5 Rc6 27. Nf6
Be6 28. Nxh7+ Ke7 29. Ng5 Rc5 30. Nxe6 fxe6 31. Rxd6 b5 32. cxb5 Rxb5 33. R1d2
Rbc5 34. g4 Rc2 35. Rd7+ Kf6 36. Ke3 R2c3+ 37. Kf4 g5+ 38. Ke4 Rh8 39. Ra7 Rh3
40. Rdd7 Rh8 41. Rf7+ Kg6 42. Rg7+ Kh6 43. Rge7 Rc6 44. Ke5 Kg6 45. Rg7+ Kh6
46. Rgf7 Rg8 47. Rf6+ Rg6 48. Rf8 Rg7 49. Rh8+ Kg6 50. Rxa5 Rd7 51. Rg8+ Kf7
52. Rxg5 Rcd6 53. h4 Rd5+ 54. Rxd5 exd5 55. Kd4 Ra7 56. h5 Rxa2 57. h6 Rd2+ 58.
Ke3 Rh2 59. Rg7+ Kf8 60. g5 Rh4 61. Rd7 d4+ 62. Rxd4 1-0

[Event "Kent Oliver mem"]
[Site "Winnipeg CAN"]
[Date "2003.01.??"]
[Round "1.6"]
[White "Bays, Derek"]
[Black "Cleto, Sam"]
[Result "0-1"]
[WhiteElo "1521"]
[BlackElo "1834"]
[PlyCount "82"]
[EventDate "2003.01.18"]
[EventType "swiss"]
[EventRounds "5"]
[EventCountry "CAN"]
[Source "ChessBase"]
[SourceDate "2003.11.25"]

1. c4 Nf6 2. Nf3 e6 3. Nc3 Bb4 4. d4 O-O 5. Bg5 c5 6. d5 exd5 7. cxd5 d6 8. a3
Bxc3+ 9. bxc3 h6 10. Bh4 g5 11. Nxg5 hxg5 12. Bxg5 Qe7 13. Qd3 Qe5 14. Bxf6
Qxf6 15. Rc1 Nd7 16. e4 Ne5 17. Qg3+ Qg6 18. f3 Bd7 19. c4 a6 20. Rc3 b5 21. f4
Nxc4 22. f5 Qxg3+ 23. hxg3 Ne5 24. g4 Kg7 25. g5 Rh8 26. Rhh3 Rxh3 27. gxh3 Rh8
28. Be2 Rh4 29. Re3 a5 30. Kd1 c4 31. Kc2 Rf4 32. Kc3 Be8 33. Bh5 Bd7 34. Be2
Bc8 35. Kd4 Bxf5 36. Bd1 Bg6 37. Bc2 Rf3 38. a4 Rxe3 39. Kxe3 b4 40. Bd1 b3 41.
Kd4 Bh5 0-1

[Event "Kent Oliver mem"]
[Site "Winnipeg CAN"]
[Date "2003.01.??"]
[Round "1.7"]
[White "Katona, John"]
[Black "Hogeveen Rutter, Alexander"]
[Result "1-0"]
[WhiteElo "1787"]
[BlackElo "1509"]
[PlyCount "37"]
[EventDate "2003.01.18"]
[EventType "swiss"]
[EventRounds "5"]
[EventCountry "CAN"]
[Source "ChessBase"]
[SourceDate "2003.11.25"]

1. e4 c5 2. c3 d6 3. d4 cxd4 4. Bc4 dxc3 5. Nxc3 Nc6 6. Nf3 Bg4 7. Bxf7+ Kd7 8.
Bd5 Rc8 9. Bxc6+ Rxc6 10. Ne5+ Kc7 11. Nd5+ Kb8 12. Nxg4 e6 13. Nc3 h5 14. Ne5
Be7 15. Nxc6+ bxc6 16. Be3 Nh6 17. Qd4 c5 18. Qa4 Ng4 19. O-O-O 1-0

[Event "Kent Oliver mem"]
[Site "Winnipeg CAN"]
[Date "2003.01.??"]
[Round "1.10"]
[White "Zhang, Guannan"]
[Black "Rutter, Blair"]
[Result "0-1"]
[WhiteElo "1339"]
[BlackElo "1697"]
[PlyCount "104"]
[EventDate "2003.01.18"]
[EventType "swiss"]
[EventRounds "5"]
[EventCountry "CAN"]
[Source "ChessBase"]
[SourceDate "2003.11.25"]

1. e4 e6 2. Nf3 d5 3. e5 d4 4. d3 c5 5. c4 Nc6 6. g3 Bd7 7. Bg2 h6 8. O-O Nge7
9. b3 Ng6 10. Re1 Be7 11. Na3 a6 12. h4 h5 13. Ng5 Ngxe5 14. Bf4 Ng6 15. Bc1
Qc7 16. Bf3 Nge5 17. Bxh5 g6 18. Bf3 O-O-O 19. Bf4 Rdf8 20. Nc2 f6 21. Ne4 Qd8
22. a3 g5 23. hxg5 fxg5 24. Bxe5 Nxe5 25. Bg2 Nc6 26. b4 b6 27. b5 axb5 28.
cxb5 Na5 29. a4 e5 30. Na3 Be6 31. Qc2 Qc7 32. Nc4 Bxc4 33. dxc4 Rd8 34. Red1
Kb8 35. Qd3 Rh6 36. Qf3 Ka7 37. Qd3 Rf8 38. Nd2 Rhf6 39. Rf1 Bd6 40. Ne4 Rf5
41. Bh3 Rf3 42. Qc2 Qe7 43. Rad1 Qh7 44. Bg2 Rc3 45. Qe2 Nxc4 46. Nxc3 Rh8 47.
f3 Ne3 48. Ne4 Qh2+ 49. Kf2 Qxg2+ 50. Ke1 Qxe2+ 51. Kxe2 Rh2+ 52. Kd3 c4# 0-1

[Event "Kent Oliver mem"]
[Site "Winnipeg CAN"]
[Date "2003.01.??"]
[Round "1.11"]
[White "Hemphill, Jim"]
[Black "Gibbons, Lorne"]
[Result "1-0"]
[WhiteElo "1661"]
[BlackElo "1284"]
[PlyCount "23"]
[EventDate "2003.01.18"]
[EventType "swiss"]
[EventRounds "5"]
[EventCountry "CAN"]
[Source "ChessBase"]
[SourceDate "2003.11.25"]

1. c4 e5 2. g3 Bc5 3. Bg2 Qf6 4. e3 Ne7 5. Nc3 d6 6. Ne4 Qe6 7. b3 Bd7 8. Ne2
Na6 9. a3 O-O-O 10. b4 Bb6 11. Bb2 Qxc4 12. Nxd6+ 1-0

[Event "Kent Oliver mem"]
[Site "Winnipeg CAN"]
[Date "2003.01.??"]
[Round "2.1"]
[White "Proulx, Roy"]
[Black "Nikouline, Alexandre"]
[Result "1/2-1/2"]
[WhiteElo "1753"]
[BlackElo "2050"]
[PlyCount "71"]
[EventDate "2003.01.18"]
[EventType "swiss"]
[EventRounds "5"]
[EventCountry "CAN"]
[Source "ChessBase"]
[SourceDate "2003.11.25"]

1. e4 c5 2. Nf3 Nc6 3. d4 cxd4 4. Nxd4 Nf6 5. Nc3 e5 6. Ndb5 d6 7. Bg5 a6 8.
Bxf6 gxf6 9. Na3 Bg7 10. Nc4 Nd4 11. Nd5 Be6 12. c3 Bxd5 13. exd5 Nf5 14. Qg4
b5 15. Qxf5 bxc4 16. Bxc4 Qa5 17. O-O Qc5 18. Qd3 O-O 19. Bxa6 e4 20. Qc4 Qb6
21. Bb5 Rfc8 22. Bc6 Qxb2 23. Qxe4 Rxa2 24. Rxa2 Qxa2 25. c4 Rb8 26. Bb5 Qd2
27. g3 Qg5 28. f4 f5 29. fxg5 fxe4 30. Rf4 Bd4+ 31. Kg2 Be3 32. Rxe4 Bxg5 33.
Rg4 h6 34. h4 f5 35. Rd4 Be3 36. Rd3 1/2-1/2

[Event "Kent Oliver mem"]
[Site "Winnipeg CAN"]
[Date "2003.01.??"]
[Round "2.2"]
[White "Rutter, Blair"]
[Black "Lauritson, Jim"]
[Result "1/2-1/2"]
[WhiteElo "1697"]
[BlackElo "1924"]
[PlyCount "43"]
[EventDate "2003.01.18"]
[EventType "swiss"]
[EventRounds "5"]
[EventCountry "CAN"]
[Source "ChessBase"]
[SourceDate "2003.11.25"]

1. d4 f5 2. c4 Nf6 3. Nc3 e6 4. a3 d5 5. c5 a5 6. Bf4 c6 7. h3 Be7 8. Nf3 O-O
9. e3 Ne4 10. Nxe4 fxe4 11. Nh2 Nd7 12. Ng4 Qe8 13. Be2 Qf7 14. f3 Bh4+ 15. Kd2
b6 16. b4 Ba6 17. Rf1 exf3 18. gxf3 Qf5 19. Rg1 Kh8 20. Bxa6 Rxa6 21. Qc2 Qxc2+
22. Kxc2 1/2-1/2

[Event "Kent Oliver mem"]
[Site "Winnipeg CAN"]
[Date "2003.01.??"]
[Round "2.3"]
[White "Barkman, Daniel"]
[Black "Khedkar, Jay"]
[Result "0-1"]
[WhiteElo "1647"]
[BlackElo "1898"]
[PlyCount "116"]
[EventDate "2003.01.18"]
[EventType "swiss"]
[EventRounds "5"]
[EventCountry "CAN"]
[Source "ChessBase"]
[SourceDate "2003.11.25"]

1. e4 c5 2. Nf3 e6 3. d4 cxd4 4. Nxd4 Nf6 5. Nc3 d6 6. Bd3 Nc6 7. Be3 Qc7 8.
Qe2 a6 9. O-O Ne5 10. h3 b5 11. Ndxb5 axb5 12. Bxb5+ Bd7 13. a4 Be7 14. Bxd7+
Nfxd7 15. Nb5 Qb8 16. c4 O-O 17. Rfc1 Rc8 18. a5 Nc5 19. Ra3 Ra6 20. b4 Nxe4
21. Bb6 d5 22. c5 Nc4 23. Rxc4 dxc4 24. Qxe4 Bd8 25. Qxc4 Bxb6 26. axb6 Rxb6
27. Ra5 g6 28. Qe2 Qf4 29. Qb2 Rbb8 30. g3 Qf3 31. Nd6 Rc7 32. Ra3 Qd1+ 33. Kg2
Rxc5 34. Ne4 e5 35. Nxc5 Qd5+ 36. Kg1 Qxc5 37. bxc5 Rxb2 38. Rc3 Kf8 39. c6 Rb8
40. Kg2 Rc8 41. Kf3 Ke7 42. Ke4 Ke6 43. f3 f5+ 44. Ke3 Kd6 45. c7 Rxc7 46. Rxc7
Kxc7 47. g4 Kd6 48. h4 Kd5 49. Kd3 e4+ 50. fxe4+ fxe4+ 51. Ke3 Ke5 52. h5 g5
53. h6 Kd5 54. Ke2 Kd4 55. Kd2 e3+ 56. Ke2 Ke4 57. Ke1 Kf3 58. Kf1 Kxg4 0-1

[Event "Kent Oliver mem"]
[Site "Winnipeg CAN"]
[Date "2003.01.??"]
[Round "2.4"]
[White "Cleto, Sam"]
[Black "Hemphill, Jim"]
[Result "1/2-1/2"]
[WhiteElo "1834"]
[BlackElo "1661"]
[PlyCount "54"]
[EventDate "2003.01.18"]
[EventType "swiss"]
[EventRounds "5"]
[EventCountry "CAN"]
[Source "ChessBase"]
[SourceDate "2003.11.25"]

1. d4 d5 2. Nf3 e6 3. g3 b6 4. Bg2 Bb7 5. O-O Nf6 6. c4 dxc4 7. Qa4+ Nfd7 8.
Qxc4 Be7 9. Re1 O-O 10. e4 Na6 11. a3 c5 12. d5 Nc7 13. Nc3 a6 14. Bf4 exd5 15.
exd5 Nf6 16. Rxe7 Qxe7 17. d6 Qe6 18. Qd3 Ncd5 19. Ng5 Nxf4 20. Qd2 Qd7 21.
Qxf4 Bxg2 22. Kxg2 Rfe8 23. Rd1 Rad8 24. h3 Qc6+ 25. Kh2 h6 26. Nf3 Nd7 27. Nd5
Kf8 1/2-1/2